Loading...
| History - American | 0 | 5 | 0 | 0 | 50 | 20 | 45.80 | 3 | 4 | 0.00 | 0.00 |
| Mythology | 0 | 5 | 0 | 3 | 50 | 104 | 122.20 | 0 | 0 | 0.00 | 0.00 |
| History - Other | 0 | 3 | 0 | 3 | 30 | 122 | 128.67 | 0 | 0 | 0.00 | 0.00 |
| Current Events | 0 | 2 | 0 | 1 | 20 | 52 | 86.00 | 0 | 0 | 0.00 | 0.00 |
| Popular Culture | 0 | 2 | 0 | 1 | 20 | 137 | 140.00 | 0 | 0 | 0.00 | 0.00 |
| History - European | 0 | 2 | 0 | 1 | 20 | 112 | 119.00 | 0 | 0 | 0.00 | 0.00 |
| Fine Arts - Other | 0 | 2 | 0 | 1 | 20 | 57 | 93.50 | 0 | 1 | 0.00 | 0.00 |
| Social Science | 0 | 1 | 0 | 0 | 10 | 68 | 68.00 | 0 | 0 | 0.00 | 0.00 |
| Literature - World | 0 | 1 | 0 | 1 | 10 | 121 | 121.00 | 0 | 0 | 0.00 | 0.00 |
| Other Academic | 0 | 1 | 0 | 0 | 10 | 117 | 117.00 | 0 | 0 | 0.00 | 0.00 |
| Philosophy | 0 | 1 | 0 | 1 | 10 | 115 | 115.00 | 0 | 0 | 0.00 | 0.00 |
| Religion | 0 | 1 | 0 | 1 | 10 | 105 | 105.00 | 0 | 0 | 0.00 | 0.00 |
| Literature - American | 0 | 1 | 1 | 0 | 5 | 107 | 107.00 | 0 | 1 | 0.00 | 0.00 |
| History - World | 0 | 1 | 1 | 0 | 5 | 89 | 89.00 | 0 | 0 | 0.00 | 0.00 |
| Fine Arts - Painting and Sculpture | 0 | 1 | 1 | 0 | 5 | 82 | 82.00 | 0 | 0 | 0.00 | 0.00 |